Fr. Conceicao Rodrigues College of Engineering

Autobiography of a Yogi (Record no. 26897)

MARC details
000 -LEADER
fixed length control field 00321nam a2200145Ia 4500
082 ## - DEWEY DECIMAL CLASSIFICATION NUMBER
Classification number 920
Item number YOG
100 ## - MAIN ENTRY--PERSONAL NAME
Personal name Yogananda/Paramahansa
245 ## - TITLE STATEMENT
Title Autobiography of a Yogi
260 ## - PUBLICATION, DISTRIBUTION, ETC.
Name of publisher, distributor, etc. Yogananda Satsanga soc
Date of publication, distribution, etc. 2003
300 ## - PHYSICAL DESCRIPTION
Extent 499
546 ## - LANGUAGE NOTE
Language note ENGLISH
650 ## - SUBJECT ADDED ENTRY--TOPICAL TERM
Topical term or geographic name entry element General
654 ## - SUBJECT ADDED ENTRY--FACETED TOPICAL TERMS
Focus term autobiography
942 ## - ADDED ENTRY ELEMENTS (KOHA)
Koha item type BOOK
Holdings
Withdrawn status Lost status Damaged status Not for loan Collection Home library Current library Date acquired Total Checkouts Full call number Barcode Date last seen Date last checked out Price effective from Koha item type
        CRC Fr. Agnel's C.Rodrigues College of Engineering Fr. Agnel's C.Rodrigues College of Engineering 17/03/2023 1 920 YOG 15547 05/01/2024 04/11/2023 17/03/2023 BOOK